Fundamentos del derecho procesal civil / (Registro nro. 688)
[ vista simple ]
| 000 -LEADER | |
|---|---|
| campo de control de longitud fija | 01118nam a22003257a 4500 |
| 001 - NÚMERO DE CONTROL | |
| campo de control | 688 |
| 003 - IDENTIFICADOR DE NÚMERO DE CONTROL | |
| campo de control | gttocutb |
| 005 - FECHA Y HORA DE LA ÚLTIMA TRANSACCIÓN | |
| campo de control | 20250719114027.0 |
| 007 - CAMPO FIJO DE DESCRIPCIÓN FÍSICA--INFORMACIÓN GENERAL | |
| campo de control de longitud fija | ta |
| 008 - DATOS DE LONGITUD FIJA--INFORMACIÓN GENERAL | |
| campo de control de longitud fija | 250719b1955 oye|||||||||| 001 0 spa|u |
| 040 ## - FUENTE DE CATALOGACIÓN | |
| Centro catalogador/agencia de origen | gttocutb |
| Lengua de catalogación | spa |
| Centro/agencia transcriptor | gttocutb |
| Centro/agencia modificador | gttocutb |
| Normas de descripción | rda |
| 082 04 - NÚMERO DE LA CLASIFICACIÓN DECIMAL DEWEY | |
| Número de clasificación | 345.7 C872 |
| 100 1# - ENTRADA PRINCIPAL--NOMBRE DE PERSONA | |
| Nombre de persona | Couture, Eduardo J. |
| Títulos y otros términos asociados al nombre | autor. |
| 245 1# - MENCIÓN DEL TÍTULO | |
| Título | Fundamentos del derecho procesal civil / |
| Mención de responsabilidad, etc. | Eduardo J. Couture |
| 264 1# - PRODUCCIÓN, PUBLICACIÓN, DISTRIBUCIÓN, FABRICACIÓN Y COPYRIGHT | |
| Producción, publicación, distribución, fabricación y copyright | Montevideo |
| Nombre del de productor, editor, distribuidor, fabricante | Facultad de Derecho y Ciencias Sociales en Montevideo |
| Fecha de producción, publicación, distribución, fabricación o copyright | 1955 |
| 300 1# - DESCRIPCIÓN FÍSICA | |
| Extensión | 447 páginas: |
| Dimensiones | 23 cm. |
| 336 ## - TIPO DE CONTENIDO | |
| Fuente | rdacontenido |
| Término de tipo de contenido | texto |
| Código de tipo de contenido | txt |
| 337 ## - TIPO DE MEDIO | |
| Fuente | rdamedio |
| Nombre/término del tipo de medio | sin mediación |
| Código del tipo de medio | n |
| 338 ## - TIPO DE SOPORTE | |
| Fuente | rdasoporte |
| Nombre/término del tipo de soporte | volumen |
| Código del tipo de soporte | nc |
| 505 0# - NOTA DE CONTENIDO CON FORMATO | |
| Información miscelánea | Índice analítico: |
| 505 0# - NOTA DE CONTENIDO CON FORMATO | |
| Información miscelánea | 1. La Jurisdicción -- |
| 505 0# - NOTA DE CONTENIDO CON FORMATO | |
| Información miscelánea | 2. La acción - |
| 505 0# - NOTA DE CONTENIDO CON FORMATO | |
| Información miscelánea | 3. La execepción - |
| 505 0# - NOTA DE CONTENIDO CON FORMATO | |
| Información miscelánea | 4. El proceso - |
| 505 0# - NOTA DE CONTENIDO CON FORMATO | |
| Información miscelánea | 5. La instancia... |
| 521 ## - NOTA DE PÚBLICO DESTINATARIO | |
| Nota de público destinatario | Recomendado para Docentes y estudiantes de Derecho |
| 650 14 - PUNTO DE ACCESO ADICIONAL DE MATERIA--TÉRMINO DE MATERIA | |
| Fuente del encabezamiento o término | LEMB |
| Término de materia o nombre geográfico como elemento de entrada | Derecho procesal civil. La jurisdicción. El proceso. La prueba. La sentencia. Cosa juzgada |
| 700 ## - ENTRADA AGREGADA--NOMBRE PERSONAL | |
| Nombre de persona | Santiago Sentís Melendo |
| Término indicativo de función/relación | Prólogo |
| 942 ## - ELEMENTOS DE ENTRADA SECUNDARIOS (KOHA) | |
| Fuente de la clasificación o esquema de estantería | Clasificación Decimal Dewey |
| Tipo de ítem Koha | Libros |
| Edición | Póstuma |
| Suprimir en OPAC | No |
| Estatus retirado | Estado de pérdida | Fuente de la clasificación o esquema de estantería | Estado de daño | No para préstamo | Colección | Biblioteca de origen | Biblioteca actual | Fecha de adquisición | Fuente de adquisición | Información codificada de la localización en otra ubicación | Número de inventario | Total de préstamos | Signatura topográfica completa | Código de barras | Visto por última vez | Precio de reemplazo | Tipo de ítem Koha |
|---|---|---|---|---|---|---|---|---|---|---|---|---|---|---|---|---|---|
| Clasificación Decimal Dewey | general | BIBLIOTECA CUNTOTO | BIBLIOTECA CUNTOTO | 19/07/2025 | Compra directa | 188-191 | 53-H-1235-2014 | 345.7 C872 | 5308123520142 | 19/07/2025 | 19/07/2025 | Libros |